Нецелевой метаболомный скрининг образцов плазмы крови пациентов с диагнозом рака легкого для поиска значимых метаболитов с помощью метода ВЭЖХ-МС; Перспективы развития фундаментальных наук; Т. 2 : Химия

Dettagli Bibliografici
Parent link:Перспективы развития фундаментальных наук=Prospects of Fundamental Sciences Development: сборник научных трудов XIV Международной конференции студентов, аспирантов и молодых ученых, г. Томск, 25-28 апреля 2017 г./ Национальный исследовательский Томский политехнический университет (ТПУ) ; под ред. И. А. Курзиной, Г. А. Вороновой.— , 2017
Т. 2 : Химия.— 2017.— [С. 298-300]
Autore principale: Дементьева Н. Б.
Altri autori: Понаморева А. A. (научный руководитель), Курзина И. А.
Riassunto:Заглавие с экрана
In the present study, we present untargeted metabolomic profiling of plasma samples received from patients with lung cancer and healthy volunteers using the HPLC-MS method for definition of differences between profiles in the groups.
Lingua:russo
Pubblicazione: 2017
Soggetti:
Accesso online:http://earchive.tpu.ru/handle/11683/44544
Natura: MixedMaterials Elettronico Capitolo di libro
KOHA link:https://koha.lib.tpu.ru/cgi-bin/koha/opac-detail.pl?biblionumber=624599

MARC

LEADER 00000naa2a2200000 4500
001 624599
005 20231101133324.0
035 |a (RuTPU)RU\TPU\conf\23859 
035 |a RU\TPU\conf\23857 
090 |a 624599 
100 |a 20171124d2017 k y0rusy50 ca 
101 0 |a rus  |d eng 
102 |a RU 
105 |a y z 100zy 
135 |a drcn ---uucaa 
181 0 |a i  
182 0 |a b 
200 1 |a Нецелевой метаболомный скрининг образцов плазмы крови пациентов с диагнозом рака легкого для поиска значимых метаболитов с помощью метода ВЭЖХ-МС  |d Untargeted metabolomic profiling of plasma sampes of patients with lung cancer for identification of significant metabolites by the HPLC-MS method  |f Н. Б. Дементьева, А. A. Понаморева  |g науч. рук. И. А. Курзина 
203 |a Текст  |c электронный 
230 |a 1 компьютерный файл (pdf; 436 Kb) 
300 |a Заглавие с экрана 
320 |a [Библиогр.: с. 300 (4 назв.)] 
330 |a In the present study, we present untargeted metabolomic profiling of plasma samples received from patients with lung cancer and healthy volunteers using the HPLC-MS method for definition of differences between profiles in the groups. 
461 1 |0 (RuTPU)RU\TPU\conf\21388  |t Перспективы развития фундаментальных наук  |l Prospects of Fundamental Sciences Development  |o сборник научных трудов XIV Международной конференции студентов, аспирантов и молодых ученых, г. Томск, 25-28 апреля 2017 г.  |o в 7 т.  |f Национальный исследовательский Томский политехнический университет (ТПУ) ; под ред. И. А. Курзиной, Г. А. Вороновой  |d 2017 
463 1 |0 (RuTPU)RU\TPU\conf\21390  |t Т. 2 : Химия  |v [С. 298-300]  |d 2017 
510 1 |a Untargeted metabolomic profiling of plasma sampes of patients with lung cancer for identification of significant metabolites by the HPLC-MS method  |z eng 
610 1 |a электронный ресурс 
610 1 |a биологические жидкости 
610 1 |a патогенные эффекты 
610 1 |a биомаркеры 
610 1 |a онкологические заболевания 
610 1 |a диагностика 
700 1 |a Дементьева  |b Н. Б. 
701 1 |a Понаморева  |b А. A. 
702 1 |a Курзина  |b И. А.  |4 727 
801 2 |a RU  |b 63413507  |c 20171206  |g RCR 
856 4 |u http://earchive.tpu.ru/handle/11683/44544 
942 |c BK